00788nam a2200217Ia 4500003000900000008004100009020001800050040001600068080001700084110002100101245015300122250001200275260003200287300001000319650003800329650001900367650003800386942000700424999001500431952012400446IN-BaIIA211028s9999 xx 000 0 eng d a0-07-079292-5 cIIA Library a031:5bMES-3 aMcGraw-Hill Book 0aMcGraw-Hill encyclopedia of science & technologybvol. 3, an international reference work in twenty volumes including an index BOR-CLEcMcGraw-Hill  a6th ed. aNew YorkbMcGraw-Hillc1987 a664p. aEncyclopedia-Science & Technology aNASA Thesaurus aScience & Technology Encyclopedia cBK c9983d9983 00104070aBANbBANcGENd0000-00-00g31110.00l0o031:5/MES-3p10893r2021-11-05v31110.00w0000-00-00yBKGRs. 31110